• 首页
  • 本馆介绍
  • 公告通知
  • 最新文献
  • 馆藏检索
  • 电子资源
  • 读者导购
  • 参考咨询
  • 我的图书馆
  • 登录
  • 详细信息显示
  • 放入我的书架
  • 预约/预借图书
  • 作者相关作品
  • 分类相关作品
  • 丛书相关作品
  • 出版社相关作品

书目信息

  • 表格格式
  • 工作单格式
  • 卡片格式
题名:
学前儿童发展心理学
    
 
作者: 周念丽 , 张春霞 编著
分册:  
出版信息: 上海   华东师范大学出版社  2004
页数: 283页
开本: 20cm
丛书名:
单 册:
中图分类: B844.12 , B844.1
科图分类: 59.824
主题词: 学前儿童--儿童心理学 , CT--S084777--学前儿童 , CT--S018313--儿童心理学
电子资源:
ISBN: 7-5617-2110-2
000 00798nam0 2200277 450
001 1239373015
005 20121003105927.64
010    @a7-5617-2110-2@dCNY13.00
100    @a19991116d2004 em y0chiy0110 ea
101 0  @achi
102    @aCN@b310000
105    @ay z 000yy
200 1  @a学前儿童发展心理学@9xue qian er tong fa zhan xin li xue@f周念丽,张春霞编著
205    @a2版
210    @a上海@c华东师范大学出版社@d2004
215    @a283页@d20cm
606 0  @a学前儿童@x儿童心理学
606 0  @2CT@3S084777@a学前儿童
606 0  @2CT@3S018313@a儿童心理学
690    @aB844.12@v3
690    @aB844.1@v4
692    @a59.824@v2
701  0 @a周念丽@9zhou nian li@c(女)@4编著
701  0 @a张春霞@9zhang chun xia@4编著
801  0 @aCN@b91MARC@c20101222
905    @a10447@dB844.1@eJY224
    
    学前儿童发展心理学/周念丽,张春霞编著.-2版.-上海:华东师范大学出版社,2004
    283页;20cm
    
    
    ISBN 7-5617-2110-2:CNY13.00
    
●
相关链接 在E读中查询图书 在五车中查询图书 在当当中查询图书 在豆瓣中查询图书


正题名:学前儿童发展心理学     索取号:B844.1/JY224         预约/预借

序号 登录号 条形码 馆藏地/架位号 状态 备注
1 7830668   278306682   学院路分馆/ [索取号:B844.1/JY224] 在馆    
2 7830669   278306691   学院路分馆/ [索取号:B844.1/JY224] 在馆    
3 7830670   278306708   学院路分馆/ [索取号:B844.1/JY224] 在馆    
4 7830671   278306717   学院路分馆/ [索取号:B844.1/JY224] 在馆    
唐山师范学院图书馆 欢迎您!
大连网信软件有限公司© 版权所有